书目信息 |
| 题名: |
宽带激光脉冲的非线性时空演化及测量研究
|
|
| 作者: | 邓杨保 著 | |
| 分册: | ||
| 出版信息: | 长春 吉林大学出版社 2020.04 |
|
| 页数: | 149页 | |
| 开本: | 24cm | |
| 丛书名: | ||
| 单 册: | ||
| 中图分类: | TN781 | |
| 科图分类: | ||
| 主题词: | 光脉冲--guang mai chong--非线性--宽带传输--研究 | |
| 电子资源: | ||
| ISBN: | 978-7-5692-6296-4 | |
| 000 | 01041nam0 2200229 450 | |
| 001 | 0109110245 | |
| 005 | 20201109110340.0 | |
| 010 | @a978-7-5692-6296-4@dCNY39.00 | |
| 100 | @a20200711d2020 em y0chiy50 ea | |
| 101 | 0 | @achi |
| 102 | @aCN@b220000 | |
| 105 | @aa z 000yy | |
| 106 | @ar | |
| 200 | 1 | @a宽带激光脉冲的非线性时空演化及测量研究@Akuan dai ji guang mai chong de fei xian xing shi kong yan hua ji ce liang yan jiu@f邓杨保著 |
| 210 | @a长春@c吉林大学出版社@d2020.04 | |
| 215 | @a149页@c图@d24cm | |
| 330 | @a本书以宽带激光脉冲的非线性时空演化及测量,阐述广义(3+1)维非线性薛定谔方程的解析解,分析一种精密测量激光脉冲非线性传输过程中时域精细结构的方法的优点,探讨不同空间位置的时间脉宽演化规律的方法。所以,研究和精密测量高功率宽频带激光脉冲在非线性介质中的时空演化规律,无论在理论上还是在实际应用上都具有十分重要的意义。 | |
| 606 | 0 | @a光脉冲@Aguang mai chong@x非线性@x宽带传输@x研究 |
| 690 | @aTN781@v5 | |
| 701 | 0 | @a邓杨保@Adeng yang bao@f(1983-)@4著 |
| 801 | 0 | @aCN@bBJSZM@c20201103 |
| 905 | @b1241951-4@dTN781@e128@f4 | |
| 宽带激光脉冲的非线性时空演化及测量研究/邓杨保著.-长春:吉林大学出版社,2020.04 |
| 149页:图;24cm |
| ISBN 978-7-5692-6296-4:CNY39.00 |
| 本书以宽带激光脉冲的非线性时空演化及测量,阐述广义(3+1)维非线性薛定谔方程的解析解,分析一种精密测量激光脉冲非线性传输过程中时域精细结构的方法的优点,探讨不同空间位置的时间脉宽演化规律的方法。所以,研究和精密测量高功率宽频带激光脉冲在非线性介质中的时空演化规律,无论在理论上还是在实际应用上都具有十分重要的意义。 |
| ● |
| 相关链接 |
|
|
|
|
正题名:宽带激光脉冲的非线性时空演化及测量研究
索取号:TN781/128
 
预约/预借
| 序号 | 登录号 | 条形码 | 馆藏地/架位号 | 状态 | 备注 |
| 1 | 1241951 | 212419514 | 第二样本阅览室/ [索取号:TN781/128] | 在馆 | |
| 2 | 1241952 | 212419523 | 第三借阅区/ [索取号:TN781/128] | 在馆 | |
| 3 | 1241953 | 212419532 | 第三借阅区/ [索取号:TN781/128] | 在馆 | |
| 4 | 1241954 | 212419541 | 第三借阅区/ [索取号:TN781/128] | 在馆 |